| 000 | 01959cam a2200421 i 4500 | ||
|---|---|---|---|
| 001 | 15106977 | ||
| 003 | EG-ScBUE | ||
| 005 | 20240625093615.0 | ||
| 008 | 071210s2009 nyub f b 001 0 eng d | ||
| 020 | _a1403984778 (Hardcover ed.) | ||
| 020 | _a9781403984777 (Hardcover ed.) | ||
| 035 | _a(OCoLC)ocn156832004 | ||
| 035 | _a(OCoLC)156832004 | ||
| 040 |
_aDLC _beng _erda _cDLC _dDLC _dEG-ScBUE |
||
| 043 | _af-ua--- | ||
| 082 | 0 | 4 |
_a962.055 _222 _bBRA |
| 100 | 1 |
_911798 _aBradley, John R., _d1970- _eauthor. |
|
| 245 | 1 | 0 |
_aInside Egypt : _bthe land of the Pharaohs on the brink of a revolution / _cJohn R. Bradley. |
| 264 | 1 |
_aNew York : _bPalgrave Macmillan, _c2009. |
|
| 300 |
_a246 pages : _bmaps ; _c25 cm |
||
| 336 |
_2rdacontent _atext _btxt |
||
| 337 |
_aunmediated _2rdamedia _bn |
||
| 338 |
_avolume _bnc _2rdacarrier |
||
| 504 | _aIncludes bibliographical references and index. | ||
| 505 | 0 | _aA failed revolution -- The brothers -- Sufis and Christians -- The Bedouin -- Torture -- Corruption -- Lost dignity -- Egypt after Mubarak. | |
| 651 | 7 |
_aEgypt _xPolitics and government _y1952-1970. _2BUEsh _911805 |
|
| 651 | 7 |
_aEgypt _xPolitics and government _y1970-1981. _2BUEsh _911806 |
|
| 651 | 7 |
_aEgypt _xPolitics and government _y1981- _2BUEsh _911807 |
|
| 651 | 7 |
_aEgypt _xSocial conditions _y1952-1970. _2BUEsh _911808 |
|
| 651 | 7 |
_aEgypt _xSocial conditions _y1970-1981. _2BUEsh _911809 |
|
| 651 | 7 |
_aEgypt _xSocial conditions _y1981- _2BUEsh _911810 |
|
| 655 | _vReading book | ||
| 856 | 4 | 2 |
_3Contributor biographical information _uhttp://www.loc.gov/catdir/enhancements/fy0807/2007050070-b.html |
| 856 | 4 | 2 |
_3Publisher description _uhttp://www.loc.gov/catdir/enhancements/fy0807/2007050070-d.html |
| 856 | 4 | 1 |
_3Table of contents only _uhttp://www.loc.gov/catdir/enhancements/fy0812/2007050070-t.html |
| 942 |
_2ddc _cBB |
||
| 999 |
_c13487 _d13487 |
||